000 00205nam a2200109Ia 4500
100 _aBLANCHARD/KEN.
942 _cBK
245 _aONE MINUTE MANAGER.
260 _b#N/A
546 _aENGLISH
999 _c33811
_d33811